000 00374nam a2200169Ia 4500
005 20250423100151.0
008 250422s9999 xx 000 0 und d
020 _a978-1-292-21025-4
050 _aKN 185 .H4/
100 _aHerring Jonathan
245 0 _aMedical Law
250 _a6th.ed.
260 _c2019
300 _a163 p
650 _amedical law
942 _cBK
999 _c32481
_d32481